| 000 | 00834cab a2200229 4500 | ||
|---|---|---|---|
| 001 | WB3507-45 | ||
| 008 | 090401t1999 xxu||||| |||| 00| 0 eng d | ||
| 035 | _a(Sirsi) u91385 | ||
| 041 | _aeng | ||
| 245 | _aRight to buy discounts | ||
| 260 | _c1999 | ||
| 350 | _a0 | ||
| 490 |
_aDETR News Release _v(119) 11 February 1999 (3) |
||
| 520 | _aChanges to the maximum Right to Buy discount came into force on 11 February 1999. The previous discount of up to £50,000 is replaced by nine regional limits - to reflect local authority property values in each area. Details. | ||
| 650 | _aDISCOUNTS | ||
| 650 | _aLOCAL AUTHORITY HOUSING | ||
| 650 | _aRIGHT TO BUY | ||
| 650 | _aSECURE TENANTS | ||
| 690 | _aPROPERTY-RESIDENTIAL PROPERTY-RESIDENTIAL LANDLORD AND TENANT-RESIDENTIAL TENANCIES | ||
| 942 | _n0 | ||
| 948 | _c17/02/1999 | ||
| 999 |
_c58007 _d58007 |
||